[Event "SVK Extraliga 2019-20"]
[Site "Slovakia"]
[Date "2020.01.19"]
[Round "6.1"]
[White "Aczel, Gergely"]
[Black "Sahidi, Samir"]
[Result "1/2-1/2"]
[WhiteElo "2510"]
[BlackElo "2396"]
[Annotator "ChessBase"]
[PlyCount "205"]
[EventDate "2019.10.19"]
[EventType "team-tourn"]
[EventCountry "SVK"]
[SourceTitle "playchess.com"]
[Source "ChessBase"]
[SourceQuality "1"]
[WhiteTeam "Podhajska"]
[BlackTeam "Bratislava"]
[TimeControl "40/5400+30:1800+30"]

1. d4 {[%emt 0:00:00]} Nf6 {[%emt 0:00:00]} 2. c4 {[%emt 0:00:00]} e6 {[%emt 0:00:10]} 3. Nc3 {[%emt 0:00:00]} Bb4 {[%emt 0:01:10]} 4. e3 {[%emt 0:00:00]} c5 {[%emt 0:02:56]} 5. Nge2 {[%emt 0:00:00]} cxd4 {[%emt 0:05:01]} 6. exd4 {[%emt 0:00:00]} d5 {[%emt 0:00:21]} 7. a3 {[%emt 0:00:00]} Be7 {[%emt 0:03:47]} 8. Nf4 {[%emt 0:00:03]} dxc4 {[%emt 0:03:07]} 9. Bxc4 {[%emt 0:00:03]} O-O {[%emt 0:00:20]} 10. O-O {[%emt 0:00:11]} Nbd7 {[%emt 0:01:42]} 11. Re1 {[%emt 0:10:28]} Nb6 {[%emt 0:04:18]} 12. Ba2 {[%emt 0:11:04]} Bd7 {[%emt 0:03:45]} 13. d5 {[%emt 0:27:26]} exd5 {[%emt 0:00:32]} 14. Nfxd5 {[%emt 0:00:14]} Nfxd5 {[%emt 0:01:50]} 15. Nxd5 {[%emt 0:00:03]} Bf6 {[%emt 0:00:38]} 16. Nxf6+ {[%emt 0:09:03]} Qxf6 {[%emt 0:02:25]} 17. Be3 {[%emt 0:00:28]} Rad8 {[%emt 0:06:26]} 18. Qh5 {[%emt 0:09:46]} h6 {[%emt 0:03:36]} 19. h3 {[%emt 0:07:54]} Bc6 {[%emt 0:02:55]} 20. b4 {[%emt 0:04:19]} Rfe8 {[%emt 0:03:38]} 21. Rad1 {[%emt 0:01:32]} Rc8 {[%emt 0:23:00]} 22. b5 {[%emt 0:04:09]} Be4 {[%emt 0:04:03]} 23. Bd4 {[%emt 0:05:43]} Qf4 {[%emt 0:03:17]} 24. Be3 {[%emt 0:04:45]} Qf6 {[%emt 0:00:53]} 25. Bd4 {[%emt 0:01:34]} Qf4 {[%emt 0:00:07]} 26. Qg4 {[%emt 0:00:18]} Qxg4 {[%emt 0:01:18]} 27. hxg4 {[%emt 0:00:02]} Bd5 {[%emt 0:05:09]} 28. Rxe8+ {[%emt 0:00:20]} Rxe8 {[%emt 0:00:08]} 29. Bxd5 {[%emt 0:01:40]} Nxd5 {[%emt 0:00:31]} 30. Bxg7 {[%emt 0:01:26]} Kxg7 {[%emt 0:01:52]} 31. Rxd5 {[%emt 0:00:02]} Re1+ {[%emt 0:01:58]} 32. Kh2 {[%emt 0:00:01]} Ra1 {[%emt 0:01:02]} 33. g5 {[%emt 0:02:43]} Rxa3 {[%emt 0:03:28]} 34. gxh6+ {[%emt 0:00:03]} Kxh6 {[%emt 0:00:10]} 35. Rd7 {[%emt 0:00:06]} Kg7 {[%emt 0:00:29]} 36. Rxb7 {[%emt 0:00:03]} Ra5 {[%emt 0:00:25]} 37. g4 {[%emt 0:01:49]} a6 {[%emt 0:00:06]} 38. b6 {[%emt 0:00:09]} Rb5 {[%emt 0:00:23]} 39. f4 {[%emt 0:00:40]} a5 {[%emt 0:00:31]} 40. Kg3 {[%emt 0:01:07]} a4 {[%emt 0:00:19]} 41. g5 {[%emt 0:30:39]} a3 {[%emt 0:30:41]} 42. Kg4 {[%emt 0:00:00]} a2 {[%emt 0:00:00]} 43. Ra7 {[%emt 0:00:00]} Rxb6 {[%emt 0:00:00]} 44. Rxa2 {[%emt 0:00:00]} Rb4 {[%emt 0:00:00]} 45. Ra5 {[%emt 0:00:00]} Kg6 {[%emt 0:00:00]} 46. Ra6+ {[%emt 0:00:00]} Kg7 {[%emt 0:00:00]} 47. Rf6 {[%emt 0:00:00]} Rb1 {[%emt 0:00:00]} 48. Rd6 {[%emt 0:00:00]} Rg1+ {[%emt 0:00:00]} 49. Kf5 {[%emt 0:00:00]} Ra1 {[%emt 0:00:00]} 50. Rd4 {[%emt 0:00:00]} Re1 {[%emt 0:00:00]} 51. Rd2 {[%emt 0:00:00]} Rb1 {[%emt 0:00:00]} 52. Ke4 {[%emt 0:00:00]} Re1+ {[%emt 0:00:00]} 53. Kf3 {[%emt 0:00:00]} Rf1+ {[%emt 0:00:00]} 54. Ke3 {[%emt 0:00:00]} Kg6 {[%emt 0:00:00]} 55. Rc2 {[%emt 0:00:00]} Re1+ {[%emt 0:00:00]} 56. Kf2 {[%emt 0:00:00]} Re6 {[%emt 0:00:00]} 57. Kf3 {[%emt 0:00:00]} f6 {[%emt 0:00:00]} 58. Kg4 {[%emt 0:00:00]} f5+ {[%emt 0:00:00]} 59. Kh4 {[%emt 0:02:29]} Rd6 {[%emt 0:00:00]} 60. Rc8 {[%emt 0:00:42]} Ra6 {[%emt 0:00:00]} 61. Rf8 {[%emt 0:00:46]} Rb6 {[%emt 0:00:00]} 62. Kg3 {[%emt 0:03:08]} Ra6 {[%emt 0:00:00]} 63. Kf2 {[%emt 0:00:32]} Rb6 {[%emt 0:00:00]} 64. Ke3 {[%emt 0:00:14]} Ra6 {[%emt 0:00:00]} 65. Kd3 {[%emt 0:01:34]} Ra3+ {[%emt 0:00:00]} 66. Kd2 {[%emt 0:00:20]} Ra6 {[%emt 0:00:00]} 67. Kc3 {[%emt 0:00:38]} Re6 {[%emt 0:00:03]} 68. Kd3 {[%emt 0:01:33]} Ra6 {[%emt 0:00:07]} 69. Ke2 {[%emt 0:00:36]} Re6+ {[%emt 0:00:18]} 70. Kf1 {[%emt 0:00:12]} Ra6 {[%emt 0:00:11]} 71. Kg2 {[%emt 0:00:03]} Rb6 {[%emt 0:00:14]} 72. Kh3 {[%emt 0:00:07]} Ra6 {[%emt 0:00:20]} 73. Kh4 {[%emt 0:00:20]} Rb6 {[%emt 0:00:25]} 74. Re8 {[%emt 0:00:50]} Ra6 {[%emt 0:00:16]} 75. Re5 {[%emt 0:00:11]} Rb6 {[%emt 0:01:00]} 76. Rd5 {[%emt 0:00:19]} Ra6 {[%emt 0:00:20]} 77. Rc5 {[%emt 0:00:14]} Rb6 {[%emt 0:01:10]} 78. Kg3 {[%emt 0:00:05]} Ra6 {[%emt 0:01:01]} 79. Kf3 {[%emt 0:00:10]} Re6 {[%emt 0:00:48]} 80. Kg2 {[%emt 0:00:44]} Rb6 {[%emt 0:00:24]} 81. Kf2 {[%emt 0:00:05]} Re6 {[%emt 0:01:18]} 82. Kf3 {[%emt 0:00:02]} Ra6 {[%emt 0:02:53]} 83. Ke3 {[%emt 0:01:50]} Rd6 {[%emt 0:00:23]} 84. Ke2 {[%emt 0:01:57]} Ra6 {[%emt 0:05:25]} 85. Kd3 {[%emt 0:00:43]} Re6 {[%emt 0:00:53]} 86. Rc1 {[%emt 0:01:45]} Rd6+ {[%emt 0:00:16]} 87. Ke3 {[%emt 0:00:09]} Re6+ {[%emt 0:00:05]} 88. Kf3 {[%emt 0:00:06]} Ra6 {[%emt 0:00:15]} 89. Kg3 {[%emt 0:01:03]} Ra3+ {[%emt 0:00:05]} 90. Kh4 {[%emt 0:00:15]} Ra6 {[%emt 0:00:03]} 91. Rc8 {[%emt 0:00:08]} Rb6 {[%emt 0:00:12]} 92. Rh8 {[%emt 0:00:08]} Kg7 {[%emt 0:00:12]} 93. Rh5 {[%emt 0:00:03]} Rb3 {[%emt 0:05:22]} 94. Rh6 {[%emt 0:00:51]} Rf3 {[%emt 0:00:38]} 95. Ra6 {[%emt 0:00:08]} Rxf4+ {[%emt 0:01:05]} 96. Kh5 {[%emt 0:00:01]} Rc4 {[%emt 0:00:25]} 97. Ra7+ {[%emt 0:00:08]} Kg8 {[%emt 0:00:29]} 98. Kh6 {[%emt 0:00:13]} Rc8 {[%emt 0:00:21]} 99. Rg7+ {[%emt 0:00:29]} Kh8 {[%emt 0:00:22]} 100. Rf7 {[%emt 0:00:24]} f4 {[%emt 0:00:27]} 101. Rxf4 {[%emt 0:00:23]} Kg8 {[%emt 0:00:05]} 102. Rf6 {[%emt 0:02:24]} Rb8 {[%emt 0:00:21]} 103. g6 {[%emt 0:00:08]} 1/2-1/2

[Event "SVK Extraliga 2019-20"]
[Site "Slovakia"]
[Date "2020.01.19"]
[Round "6.1"]
[White "Antoniewski, Rafal"]
[Black "Cernousek, Lukas"]
[Result "1/2-1/2"]
[WhiteElo "2486"]
[BlackElo "2447"]
[Annotator "ChessBase"]
[PlyCount "28"]
[EventDate "2019.10.19"]
[EventType "team-tourn"]
[EventCountry "SVK"]
[SourceTitle "playchess.com"]
[Source "ChessBase"]
[SourceQuality "1"]
[WhiteTeam "Dunajov"]
[BlackTeam "Dubnica"]
[TimeControl "40/5400+30:1800+30"]

1. e4 {[%emt 0:00:00]} e5 {[%emt 0:01:46]} 2. Nf3 {[%emt 0:00:07]} Nf6 {[%emt 0:00:05]} 3. Nxe5 {[%emt 0:00:56]} d6 {[%emt 0:00:06]} 4. Nf3 {[%emt 0:00:12]} Nxe4 {[%emt 0:00:07]} 5. Nc3 {[%emt 0:00:36]} Nf6 {[%emt 0:00:04]} 6. d4 {[%emt 0:03:22]} Be7 {[%emt 0:00:05]} 7. h3 {[%emt 0:00:35]} O-O {[%emt 0:00:42]} 8. Bd3 {[%emt 0:00:13]} b6 {[%emt 0:00:46]} 9. O-O {[%emt 0:00:46]} Re8 {[%emt 0:00:05]} 10. d5 {[%emt 0:02:51]} Bb7 {[%emt 0:00:36]} 11. Re1 {[%emt 0:02:55]} a6 {[%emt 0:09:43]} 12. a4 {[%emt 0:00:46]} Nbd7 {[%emt 0:00:12]} 13. Bf1 {[%emt 0:05:12]} Bf8 {[%emt 0:03:53]} 14. Bf4 {[%emt 0:11:45]} Rxe1 {[%emt 0:03:07]} 1/2-1/2

[Event "SVK Extraliga 2019-20"]
[Site "Slovakia"]
[Date "2020.01.19"]
[Round "6.1"]
[White "Petenyi, Tamas"]
[Black "Banusz, Tamas"]
[Result "1/2-1/2"]
[WhiteElo "2428"]
[BlackElo "2620"]
[Annotator "ChessBase"]
[PlyCount "116"]
[EventDate "2019.10.19"]
[EventType "team-tourn"]
[EventCountry "SVK"]
[SourceTitle "playchess.com"]
[Source "ChessBase"]
[SourceQuality "1"]
[WhiteTeam "Streda"]
[BlackTeam "Slovan"]
[TimeControl "40/5400+30:1800+30"]

1. g3 {[%emt 0:00:23]} d5 {[%emt 0:00:43]} 2. Bg2 {[%emt 0:00:06]} c6 {[%emt 0:02:15]} 3. Nf3 {[%emt 0:04:26]} g6 {[%emt 0:00:53]} 4. O-O {[%emt 0:00:15]} Bg7 {[%emt 0:00:06]} 5. d4 {[%emt 0:02:50]} Nf6 {[%emt 0:00:17]} 6. Bf4 {[%emt 0:04:23]} O-O {[%emt 0:00:35]} 7. Qc1 {[%emt 0:01:57]} Bf5 {[%emt 0:03:22]} 8. c3 {[%emt 0:08:09]} Nbd7 {[%emt 0:03:25]} 9. Bh6 {[%emt 0:02:11]} Bxh6 {[%emt 0:01:18]} 10. Qxh6 {[%emt 0:00:02]} Qb6 {[%emt 0:00:17]} 11. b3 {[%emt 0:04:38]} Bxb1 {[%emt 0:05:15]} 12. Rfxb1 {[%emt 0:07:36]} c5 {[%emt 0:13:41]} 13. Rd1 {[%emt 0:07:42]} Rfc8 {[%emt 0:09:06]} 14. Ng5 {[%emt 0:04:44]} Nf8 {[%emt 0:02:36]} 15. e3 {[%emt 0:05:30]} cxd4 {[%emt 0:05:09]} 16. Rxd4 {[%emt 0:03:59]} Rxc3 {[%emt 0:00:53]} 17. Bxd5 {[%emt 0:06:17]} Nxd5 {[%emt 0:01:24]} 18. Rxd5 {[%emt 0:00:01]} Rd8 {[%emt 0:08:44]} 19. Rxd8 {[%emt 0:04:49]} Qxd8 {[%emt 0:00:15]} 20. Qh4 {[%emt 0:00:29]} Rc7 {[%emt 0:09:32]} 21. Qg4 {[%emt 0:03:30]} Qd7 {[%emt 0:03:15]} 22. Qxd7 {[%emt 0:02:52]} Nxd7 {[%emt 0:00:08]} 23. Nf3 {[%emt 0:02:22]} e5 {[%emt 0:02:29]} 24. Rd1 {[%emt 0:01:08]} Kf8 {[%emt 0:00:34]} 25. Kf1 {[%emt 0:00:55]} Ke7 {[%emt 0:00:11]} 26. Ke2 {[%emt 0:02:33]} e4 {[%emt 0:03:35]} 27. Ng5 {[%emt 0:02:43]} Nf6 {[%emt 0:01:52]} 28. Rd4 {[%emt 0:00:56]} Rc2+ {[%emt 0:01:23]} 29. Kf1 {[%emt 0:00:16]} Rxa2 {[%emt 0:01:09]} 30. Nxe4 {[%emt 0:00:17]} Nxe4 {[%emt 0:00:08]} 31. Rxe4+ {[%emt 0:00:01]} Kd6 {[%emt 0:00:12]} 32. Rd4+ {[%emt 0:05:48]} Kc6 {[%emt 0:01:20]} 33. Rc4+ {[%emt 0:01:13]} Kb6 {[%emt 0:00:32]} 34. Rb4+ {[%emt 0:01:47]} Ka6 {[%emt 0:00:28]} 35. Rf4 {[%emt 0:01:25]} f5 {[%emt 0:01:26]} 36. g4 {[%emt 0:00:44]} fxg4 {[%emt 0:00:47]} 37. e4 {[%emt 0:04:45]} Kb6 {[%emt 0:03:21]} 38. Rxg4 {[%emt 0:01:27]} Kc5 {[%emt 0:00:46]} 39. Rh4 {[%emt 0:01:43]} Rb2 {[%emt 0:02:01]} 40. Rh3 {[%emt 0:00:57]} Kd4 {[%emt 0:07:05]} 41. Re3 {[%emt 0:31:47]} Ke5 {[%emt 0:33:57]} 42. h4 {[%emt 0:00:00]} Rd2 {[%emt 0:00:00]} 43. Kg2 {[%emt 0:00:00]} Rd4 {[%emt 0:00:00]} 44. f3 {[%emt 0:00:00]} Kf4 {[%emt 0:00:00]} 45. Re2 {[%emt 0:00:00]} Rd7 {[%emt 0:00:00]} 46. b4 {[%emt 0:00:00]} a6 {[%emt 0:00:00]} 47. b5 {[%emt 0:00:00]} a5 {[%emt 0:00:00]} 48. b6 {[%emt 0:00:00]} Rd6 {[%emt 0:00:00]} 49. Ra2 {[%emt 0:00:00]} Rxb6 {[%emt 0:00:00]} 50. Rxa5 {[%emt 0:00:00]} Rb2+ {[%emt 0:00:00]} 51. Kh3 {[%emt 0:00:00]} Kxf3 {[%emt 0:00:00]} 52. e5 {[%emt 0:00:00]} Kf4 {[%emt 0:00:49]} 53. e6 {[%emt 0:00:00]} Rb3+ {[%emt 0:03:45]} 54. Kg2 {[%emt 0:00:00]} Rb6 {[%emt 0:00:26]} 55. Ra7 {[%emt 0:00:27]} Rb2+ {[%emt 0:02:23]} 56. Kh3 {[%emt 0:00:41]} Rb3+ {[%emt 0:00:05]} 57. Kg2 {[%emt 0:00:04]} Rb2+ {[%emt 0:02:22]} 58. Kh3 {[%emt 0:00:02]} Rb3+ {[%emt 0:00:52]} 1/2-1/2

[Event "SVK Extraliga 2019-20"]
[Site "Slovakia"]
[Date "2020.01.20"]
[Round "6.2"]
[White "Michalik, Peter"]
[Black "Pechac, Jergus"]
[Result "1/2-1/2"]
[WhiteElo "2595"]
[BlackElo "2487"]
[Annotator "TA"]
[PlyCount "47"]
[EventDate "2019.10.19"]
[EventType "team-tourn"]
[EventCountry "SVK"]
[SourceTitle "playchess.com"]
[Source "ChessBase"]
[SourceQuality "1"]
[WhiteTeam "Modra"]
[BlackTeam "Zilina"]
[WhiteTeamCountry "CZE"]
[BlackTeamCountry "SVK"]

{[%evp 13,47,13,25,12,18,18,23,18,35,34,26,15,29,15,31,15,19,16,22,4,4,4,12,14,18,29,20,16,32,3,13,0,0,0,0,0]} 1. e4 e5 2. Nf3 Nc6 3. Bc4 Nf6 4. d3 Bc5 5. O-O d6 6. c3 O-O 7. h3 a6 8. a4 {C54: Giuoco Piano: 4 c3 Nf6, main lines with 5 d4 and 5 d3} Ba7 9. Re1 Be6 10. Nbd2 {[%cal Bb1d2,Bd2f1,Bf1g3][%mdl 32] White has an edge.} h6 11. Bxe6 fxe6 12. Nf1 (12. b4 Nh5 13. Nf1 Qf6 14. Ra2 Nf4 15. Bxf4 Qxf4 {½-½ (44) Vachier Lagrave,M (2780)-Kramnik,V (2753) Moscow 2019}) 12... Qe7 13. Ng3 $146 ({Predecessor:} 13. Be3 Bxe3 14. Nxe3 Nh5 15. d4 exd4 16. Nxd4 {0-1 (29) Gundogan,S (1795)-Unlu,A (1575) Kemer 2014}) 13... Qf7 14. Be3 Bxe3 15. Rxe3 Nd7 16. Qc2 a5 17. Rf1 Kh8 18. d4 Qf6 19. Ne2 Ra6 20. dxe5 Ncxe5 21. Nd2 g5 {The position is equal.} 22. f4 gxf4 23. Rxf4 Qe7 24. Rxf8+ {Accuracy: White = 56%, Black = 59%.} 1/2-1/2

[Event "SVK Extraliga 2019-20"]
[Site "Slovakia"]
[Date "2020.01.19"]
[Round "6.2"]
[White "Antal, Gergely"]
[Black "Nemeth, Miklos"]
[Result "1/2-1/2"]
[WhiteElo "2563"]
[BlackElo "2500"]
[Annotator "ChessBase"]
[PlyCount "93"]
[EventDate "2019.10.19"]
[EventType "team-tourn"]
[EventCountry "SVK"]
[SourceTitle "playchess.com"]
[Source "ChessBase"]
[SourceQuality "1"]
[WhiteTeam "Slovan"]
[BlackTeam "Streda"]
[TimeControl "40/5400+30:1800+30"]

1. e4 {[%emt 0:00:00]} e5 {[%emt 0:00:00]} 2. Nf3 {[%emt 0:00:00]} Nc6 {[%emt 0:00:00]} 3. Bc4 {[%emt 0:00:00]} Bc5 {[%emt 0:00:00]} 4. c3 {[%emt 0:00:00]} Nf6 {[%emt 0:01:44]} 5. d4 {[%emt 0:00:00]} exd4 {[%emt 0:00:12]} 6. e5 {[%emt 0:00:05]} d5 {[%emt 0:00:42]} 7. Be2 {[%emt 0:00:06]} Ne4 {[%emt 0:01:53]} 8. cxd4 {[%emt 0:00:07]} Bb4+ {[%emt 0:01:46]} 9. Bd2 {[%emt 0:00:09]} Nxd2 {[%emt 0:12:44]} 10. Nbxd2 {[%emt 0:00:15]} O-O {[%emt 0:00:07]} 11. O-O {[%emt 0:00:34]} Bf5 {[%emt 0:05:39]} 12. Nb3 {[%emt 0:19:44]} a5 {[%emt 0:01:53]} 13. a3 {[%emt 0:07:28]} Be7 {[%emt 0:00:18]} 14. Rc1 {[%emt 0:00:05]} f6 {[%emt 0:15:16]} 15. Nc5 {[%emt 0:04:50]} Bxc5 {[%emt 0:04:57]} 16. Rxc5 {[%emt 0:00:06]} Ne7 {[%emt 0:01:25]} 17. Qb3 {[%emt 0:06:31]} c6 {[%emt 0:04:16]} 18. h3 {[%emt 0:07:28]} a4 {[%emt 0:05:42]} 19. Qb4 {[%emt 0:03:58]} Ra7 {[%emt 0:01:48]} 20. exf6 {[%emt 0:10:06]} Rxf6 {[%emt 0:00:08]} 21. Ne5 {[%emt 0:00:07]} Ng6 {[%emt 0:02:58]} 22. Re1 {[%emt 0:12:43]} Nxe5 {[%emt 0:08:10]} 23. dxe5 {[%emt 0:00:05]} Rg6 {[%emt 0:00:09]} 24. Rc3 {[%emt 0:01:26]} b6 {[%emt 0:00:35]} 25. Bh5 {[%emt 0:12:02]} Rh6 {[%emt 0:02:30]} 26. e6 {[%emt 0:04:29]} c5 {[%emt 0:01:53]} 27. Bf7+ {[%emt 0:00:05]} Kf8 {[%emt 0:02:28]} 28. Qb5 {[%emt 0:01:42]} Re7 {[%emt 0:02:52]} 29. Rf3 {[%emt 0:02:20]} Rf6 {[%emt 0:00:31]} 30. g4 {[%emt 0:03:12]} Bxe6 {[%emt 0:07:05]} 31. Rxf6 {[%emt 0:00:15]} Bd7 {[%emt 0:00:07]} 32. Qf1 {[%emt 0:05:09]} Rxe1 {[%emt 0:01:26]} 33. Qxe1 {[%emt 0:00:05]} Qxf6 {[%emt 0:01:59]} 34. Bxd5 {[%emt 0:00:04]} Qxb2 {[%emt 0:00:17]} 35. Qe3 {[%emt 0:00:05]} Qf6 {[%emt 0:01:53]} 36. f4 {[%emt 0:01:45]} Bc6 {[%emt 0:00:55]} 37. Bxc6 {[%emt 0:00:30]} Qxc6 {[%emt 0:00:30]} 38. Qd3 {[%emt 0:00:02]} c4 {[%emt 0:03:16]} 39. Qxh7 {[%emt 0:00:06]} c3 {[%emt 0:00:25]} 40. Qc2 {[%emt 0:00:28]} b5 {[%emt 0:01:12]} 41. Kf2 {[%emt 0:31:09]} Qc4 {[%emt 0:35:56]} 42. Ke3 {[%emt 0:00:00]} b4 {[%emt 0:00:00]} 43. Qf5+ {[%emt 0:00:00]} Kg8 {[%emt 0:00:00]} 44. Qd7 {[%emt 0:00:00]} c2 {[%emt 0:00:00]} 45. Qe8+ {[%emt 0:00:00]} Kh7 {[%emt 0:00:00]} 46. Qh5+ {[%emt 0:00:00]} Kg8 {[%emt 0:00:00]} 47. Qe8+ {[%emt 0:00:00]} 1/2-1/2

[Event "SVK Extraliga 2019-20"]
[Site "Slovakia"]
[Date "2020.01.19"]
[Round "6.2"]
[White "Zilka, Stepan"]
[Black "Markos, Jan"]
[Result "1/2-1/2"]
[WhiteElo "2546"]
[BlackElo "2571"]
[Annotator "TA"]
[PlyCount "198"]
[EventDate "2019.10.19"]
[EventType "team-tourn"]
[EventCountry "SVK"]
[SourceTitle "playchess.com"]
[Source "ChessBase"]
[SourceQuality "1"]
[WhiteTeam "Prakovce"]
[BlackTeam "Snina"]

{[%evp 23,198,47,42,20,51,20,28,0,0,-44,-29,-54,-26,-28,-22,-34,-22,-28,0,-35,-35,-49,-41,-50,-57,-52,-54,-50,-50,-50,-50,-160,-132,-168,-53,-31,-34,-57,-38,-44,-10,-20,0,0,0,0,0,0,0,0,0,0,0,0,0,-8,-8,-8,-8,-8,-8,-8,-8,-8,58,62,217,211,256,259,656,655,5543,6110,9788,11843,10929,6444,5531,5725,5093,1509,29968,29969,29969,8,8,8,8,8,8,8,8,8,8,8,8,8,8,8,8,8,8,8,8,8,8,8,8,8,8,8,8,8,8,8,8,8,8,8,8,8,8,8,127,141,141,141,141,0,141,0,142,143,143,149,149,149,150,150,150,8,8,8,8,8,8,8,8,8,8,8,8,8,8,8,8,8,8,8,8,0,8,8,8,0,8,0,0,0,8,8,8,8,8,8,8]} 1. e4 c5 2. Nf3 Nc6 3. d4 cxd4 4. Nxd4 e5 5. Nb5 d6 6. c4 Be7 7. N5c3 Nf6 8. Be2 O-O 9. Be3 Be6 10. O-O Rc8 11. Qd2 h6 12. Na3 a6 13. h3 {B32: Sicilian: Löwenthal and Kalashnikov Variations.} Ne8 {[#]} 14. Nd5 $146 ({Predecessor:} 14. Nc2 Bg5 15. b3 Bxe3 16. Qxe3 Qa5 17. Nd5 f5 18. b4 Qd8 19. Rad1 f4 20. Qf3 Ne7 21. c5 Nxd5 22. exd5 Bf5 23. Bd3 Bxd3 24. Qxd3 f3 25. g3 {½-½ (25) Popovic,P (2530)-Ivanovic,B (2540) Stara Pazova 1988}) 14... Bg5 15. Nc2 {White has an edge.} Bxe3 16. fxe3 Qg5 17. Rf3 Ne7 18. Raf1 Bxd5 19. cxd5 Nf6 20. Bd3 Nd7 21. Ne1 Nc5 22. Bc2 Qh4 23. g4 Ng6 24. Ng2 Qd8 25. Qf2 {[%cal Rf3f7]} f6 26. h4 Qb6 27. g5 (27. Bb1 $15) 27... fxg5 $17 28. hxg5 Rxf3 ({Inferior is} 28... Qxb2 29. gxh6 Rxf3 30. Qxf3 $14) (28... hxg5 $19 29. Qg3 Rxf3 30. Rxf3 Rf8) 29. Qxf3 $15 Rf8 ({Wrong is} 29... Qxb2 $2 30. Qf7+ Kh7 31. Rf6 $1 $18 {[%mdl 512]}) 30. Qh5 Rxf1+ 31. Kxf1 Kh7 32. b3 $1 Qd8 33. gxh6 gxh6 34. Qf5 Kg7 $1 35. Ke2 a5 36. a3 {[%cal Ba2a3,Ba3b4,Bb4b5][%mdl 32]} Qg5 37. Ne1 Ne7 38. Qh3 h5 39. b4 axb4 40. axb4 Na6 41. Nd3 Qg4+ 42. Qxg4+ hxg4 $11 {[%mdl 4096] Endgame KBN-KNN} 43. Ba4 Kf6 (43... Ng8 $11) 44. Bd7 $1 $14 Kg5 $2 (44... g3 $14) 45. b5 $1 $18 {[%cal Rb5a6]} Nc7 {[#]} 46. Nxe5 $1 {[%mdl 512]} Nexd5 $2 ({Don't go for} 46... dxe5 $2 47. d6 $18) (46... Ng8) 47. exd5 dxe5 {KB-KN} 48. d6 Na8 49. Bc8 {d7 would kill now.} Kf6 50. Bxb7 Nb6 {[#]} 51. Bc8 $1 {[%mdl 512]} Nc4 (51... Nxc8 52. d7) 52. Bxg4 Nxd6 53. b6 Ke7 {[#]} 54. e4 $1 {[%mdl 512]} Nb7 $1 $11 (54... Nxe4 55. b7) 55. Bc8 Nc5 $1 56. b7 Na6 57. Kf3 Kf6 58. Kg4 Kg6 59. Bf5+ Kf6 60. Bd7 Nb8 61. Bb5 {And now Be8 would win.} Kg6 62. Bc4 Nd7 63. Bd5 Nb8 64. Bb3 Nd7 65. Ba4 (65. Be6 {seems wilder.} Nb8 66. Kh4 Kf6 67. Bg4 Ke7 68. Kg5) 65... Nb8 66. Bb5 {aiming for Kh4.} Kf6 67. Kh5 {Black must now prevent Kh6.} Ke7 68. Kg5 {Strongly threatening Ba4.} Kd6 69. Bc4 Kc7 70. Bd5 Na6 71. Kf6 Kd6 72. Be6 (72. Bg8 {looks sharper.} Nb8 73. Kg6 Kc7 74. Kf5 Kxb7 75. Bd5+) 72... Nb8 73. Kf7 {Threatens to win with Kf6.} Kc6 (73... Kc7 $1 $11 {remains equal.}) 74. Bc8 Kd6 75. Kf8 Na6 {intending ...Kc7.} 76. Kf7 Nb8 $1 77. Be6 Kc6 {[#]} 78. Bd5+ $1 Kd7 79. Kf8 Na6 80. Kg7 Ke7 81. Bc4 Nb8 82. Bb5 (82. Kg6 $16) 82... Kd6 {The position is equal.} 83. Kf6 {Hoping for Bc4.} Kc7 84. Kxe5 Kxb7 85. Kd6 Kb6 86. Bd7 Na6 87. e5 {Threatening mate with e6.} Nc5 88. Bc6 {White wants to play Bd5.} Nb3 $1 89. Bg2 Nc5 90. Bd5 Kb5 91. Kc7 {Ba2 is the strong threat.} Na6+ $1 92. Kd6 Nc5 93. Bc6+ Kb6 94. Ba4 Ne4+ 95. Kd7 Nc5+ {[%mdl 64] Double Attack} 96. Kc8 Ne6 97. Bb3 Kc5 98. Bxe6 {White wants to mate with Bg8.} Kd4 99. Ba2 {White threatens e6 and mate.} Kxe5 {Accuracy: White = 88%, Black = 78%.} 1/2-1/2

[Event "SVK Extraliga 2019-20"]
[Site "Slovakia"]
[Date "2020.01.19"]
[Round "6.2"]
[White "Ponizil, Cyril"]
[Black "Smolen, Jan"]
[Result "1-0"]
[WhiteElo "2502"]
[BlackElo "2422"]
[Annotator "ChessBase"]
[PlyCount "89"]
[EventDate "2019.10.19"]
[EventType "team-tourn"]
[EventCountry "SVK"]
[SourceTitle "playchess.com"]
[Source "ChessBase"]
[SourceQuality "1"]
[WhiteTeam "Dubnica"]
[BlackTeam "Dunajov"]
[TimeControl "40/5400+30:1800+30"]

1. e4 {[%emt 0:00:00]} e6 {[%emt 0:00:00]} 2. d4 {[%emt 0:00:00]} d5 {[%emt 0:00:00]} 3. Nd2 {[%emt 0:00:00]} Nf6 {[%emt 0:00:00]} 4. e5 {[%emt 0:00:00]} Nfd7 {[%emt 0:00:00]} 5. Bd3 {[%emt 0:00:01]} c5 {[%emt 0:00:00]} 6. c3 {[%emt 0:00:04]} Nc6 {[%emt 0:00:00]} 7. Ne2 {[%emt 0:00:05]} a5 {[%emt 0:00:08]} 8. O-O {[%emt 0:00:39]} a4 {[%emt 0:00:18]} 9. a3 {[%emt 0:00:07]} cxd4 {[%emt 0:00:34]} 10. cxd4 {[%emt 0:00:07]} Nb6 {[%emt 0:01:15]} 11. Nb1 {[%emt 0:00:26]} Na5 {[%emt 0:04:58]} 12. Nbc3 {[%emt 0:00:11]} Bd7 {[%emt 0:02:31]} 13. Bc2 {[%emt 0:01:46]} Nac4 {[%emt 0:03:01]} 14. Nf4 {[%emt 0:00:12]} g6 {[%emt 0:04:00]} 15. Nd3 {[%emt 0:00:09]} Qc7 {[%emt 0:05:08]} 16. Rb1 {[%emt 0:04:42]} Bg7 {[%emt 0:15:14]} 17. Re1 {[%emt 0:04:29]} O-O {[%emt 0:00:48]} 18. Bf4 {[%emt 0:10:01]} Rfc8 {[%emt 0:02:00]} 19. Nc5 {[%emt 0:00:13]} Bf8 {[%emt 0:02:28]} 20. N5xa4 {[%emt 0:11:34]} Nxa4 {[%emt 0:12:24]} 21. Nxa4 {[%emt 0:06:45]} Bb5 {[%emt 0:04:48]} 22. Bb3 {[%emt 0:08:52]} Qc6 {[%emt 0:16:24]} 23. Bxc4 {[%emt 0:01:39]} Bxc4 {[%emt 0:04:08]} 24. Nc3 {[%emt 0:00:46]} Qb6 {[%emt 0:02:11]} 25. Qd2 {[%emt 0:01:01]} Bb3 {[%emt 0:00:55]} 26. Rbc1 {[%emt 0:00:18]} Rc4 {[%emt 0:00:53]} 27. Be3 {[%emt 0:02:23]} Qc6 {[%emt 0:00:23]} 28. Ne2 {[%emt 0:03:43]} Bc2 {[%emt 0:01:39]} 29. Bh6 {[%emt 0:06:38]} Be7 {[%emt 0:00:56]} 30. Nc3 {[%emt 0:00:18]} Bb3 {[%emt 0:00:49]} 31. Re3 {[%emt 0:00:50]} b5 {[%emt 0:02:48]} 32. Rf3 {[%emt 0:02:15]} b4 {[%emt 0:00:32]} 33. axb4 {[%emt 0:00:19]} Bxb4 {[%emt 0:02:52]} 34. Qf4 {[%emt 0:00:07]} Qe8 {[%emt 0:00:40]} 35. h4 {[%emt 0:00:25]} Bf8 {[%emt 0:05:12]} 36. Bxf8 {[%emt 0:01:32]} Qxf8 {[%emt 0:00:28]} 37. h5 {[%emt 0:01:52]} Rb8 {[%emt 0:00:25]} 38. Ra1 {[%emt 0:01:27]} Rc7 {[%emt 0:02:03]} 39. hxg6 {[%emt 0:02:13]} hxg6 {[%emt 0:00:39]} 40. Rh3 {[%emt 0:00:31]} Rcb7 {[%emt 0:03:35]} 41. Kh2 {[%emt 0:30:51]} Bc2 {[%emt 0:32:44]} 42. Rh1 {[%emt 0:00:50]} Qg7 {[%emt 0:00:00]} 43. Qf6 {[%emt 0:00:00]} Bf5 {[%emt 0:00:00]} 44. Rh4 {[%emt 0:00:00]} g5 {[%emt 0:00:00]} 45. Rh6 {[%emt 0:00:00]} 1-0